|
|
|
|
| LEADER |
01228ncm a22002892a 4500 |
| 001 |
001140247 |
| 003 |
CZ BrMZK |
| 005 |
20110505141756.0 |
| 007 |
qu |
| 008 |
110307s1962 gw |||||||||||||||||zxx d |
| 040 |
|
|
|a BOA001
|b cze
|
| 072 |
|
7 |
|a 785
|x Instrumentální hudba. Symfonická hudba. Hudba pro více nástrojů
|2 Konspekt
|9 9
|
| 100 |
1 |
|
|a Connor, Tommie,
|d 1904-1993
|7 mzk2011633541
|4 cmp
|
| 245 |
1 |
0 |
|a Südlich von Hawaii
|h [hudebnina] :
|b Shuffle-Rock /
|c Originaltext u Musik Tommie Connor ; bearb. Gerhard Eisenmann. Bleib bei mir! : Moderato-Fox / Originaltext und Musik Paul Weston, S. Cahn, Axel Strordahl ; bearb. Werner Tautz
|
| 260 |
|
|
|a Hamburg :
|b Peer,
|c 1962
|
| 300 |
|
|
|a 8 hlasů
|
| 500 |
|
|
|a Taneční orchestr
|
| 700 |
1 |
|
|a Eisenmann, Gerhard
|7 mzk2011633702
|4 arr
|
| 700 |
1 |
|
|a Weston, Paul,
|d 1912-1996
|7 mzk2011633528
|4 cmp
|
| 700 |
1 |
|
|a Cahn, Sammy,
|d 1913-1993
|7 mzk2002164813
|4 cmp
|
| 700 |
1 |
|
|a Stordahl, Axel,
|d 1913-1963
|7 mzk2011633539
|4 cmp
|
| 700 |
1 |
|
|a Tautz, Werner,
|d 1922-2014
|7 mzk2010597343
|4 arr
|
| 740 |
0 |
2 |
|a Bleib bei mir!
|
| 910 |
|
|
|a BOA001
|b Mus3-0702.372
|
| 990 |
|
|
|a MU
|
| 991 |
|
|
|b 201103
|
| 996 |
6 |
|
|b 2619365791
|c Mus3-0702.372
|l MZK
|r Sklad / do 1 hodiny
|n 1
|w 001172194
|u 000010
|a 1
|e BOA001
|j MZK50
|s P
|